Moving up : a guide to developing & projecting a professional image

Bibliographic Details
Main Author: Hanrahan, Joy
Format: Book
Published: Petaling Jaya : Tioman Books , 1994
Series:Newline Professional Books
Subjects:

MARC

LEADER 00000cam a2200000 7i4500
001 0000002468
002 000002691
005 20000330.0
020 |a 983907329X 
090 0 0 |a 646.7   |b HAN 
100 1 |a Hanrahan, Joy 
245 1 0 |a Moving up :   |b a guide to developing & projecting a professional image   |c Joy Hanrahan 
260 |a Petaling Jaya :   |b Tioman Books ,   |c 1994 
300 |a 104p. ;   |c 18cm. 
490 0 |a Newline Professional Books 
650 0 0 |a Conduct of life 
650 0 0 |a Lifestyles 
999 |a 036195   |b BUKU   |c PINJAMAN   |e PERPUSTAKAAN KOMUNITI PETALING JAYA 
999 |a 036196   |b BUKU   |c PINJAMAN   |e PERPUSTAKAAN KOMUNITI PETALING JAYA